| 000 | 00797cab a2200229 4500 | ||
|---|---|---|---|
| 001 | ABS46535 | ||
| 008 | 090401t1992 xxu||||| |||| 00| 0 eng d | ||
| 035 | _a(Sirsi) u58706 | ||
| 041 | _aeng | ||
| 100 | _aRiley, M. | ||
| 245 | _aProperty lending survey 1992 | ||
| 260 | _c1992 | ||
| 350 | _a0 | ||
| 490 |
_aJournal of Property Finance _v3(1) Summer 1992, 70-74(5) |
||
| 520 | _aResults of a survey carried out by Chesterton Financial in conjunction with Thames Polytechnic in November/December 1991 into loans to the property sector from banks and financial institutions. | ||
| 650 | _aFINANCIAL INSTITUTIONS | ||
| 650 | _aINVESTMENT | ||
| 690 | _aPROPERTY-COMMERCIAL PROPERTY-COMMERCIAL PROPERTY FINANCE AND INVESTMENT | ||
| 700 | _aIsaac, D. | ||
| 942 | _n0 | ||
| 948 | _c04/03/1997 | ||
| 999 |
_c35894 _d35894 |
||